Największe miasta na wyspie Irlandia. - Statystyki

Ogólne statystyki
  • Ten quiz został rozwiązany 149 razy
  • Średni wynik to 5 z 11
Statystyki odpowiedzi
Populacja Miasto % Poprawnych
554 554 Dublin
99%
125 657 Cork
92%
340 200 Belfast
76%
79 934 Galway
60%
94 192 Limerick
54%
85 016 Derry/Londonderry
42%
53 504 Waterford
38%
24 423 Kilkenny
13%
71 465 Lisburn
9%
14 590 Armagh
8%
29 946 Newry
7%
Nie znaleziono quizów pasujących do podanych kryteriów
Rozkład punktacji
Procent ludzi z każdym wynikiem
Percentyl według liczby udzielonych odpowiedzi
Twoja historia wyników
Nie rozwiązałeś tego quizu